000 01063nam a2200241Ia 4500
999 _c55937
_d55937
001 23036
003 GE_BSU
005 20230627171632.0
008 181216s1962||||ge |||||||||||||| ||geo||
040 _cGE_BSU
041 _ageo
080 _a821.112.2 გ-58
100 _aგოეთე, ი. ვ.
_919015
245 _aფაუსტი :
_bტრაგედია /
_cთარგმ. დ. ონიაშვილისა ; შესავ. წერილი ო. ჯინორიასი ; რედ. და კომენტ. დ. ლაშქარაძე და ო. ჯინორიასი.
264 _aთბილისი :
_bსაბჭ. საქართველო,
_c1962.
300 _a631 გვ. :
_b7 ფ. ილ. ;
_c22 სმ.
541 _h4ლ. 50თ.
653 _aფაუსტი
653 _aტრაგედია
700 _aლაშქარაძე, დ.
_eრედაქტორი
_914588
700 _aჯინორია, ო.
_eრედაქტორი
_919016
942 _cBK
_2udc